000 03276nam a22002657a 4500
001 5150530
003 UA-OsUOA
005 20201109135105.0
008 200413b un ||||| m||| 00| 0 ukr d
040 _aUA-OsUOA
_bukr
_cUA-OsUOA
_dUA-OsUOA
041 _aukr
080 _a347.132:347.9
090 _a347.132:347.9
095 _a12.00.03
_bцивільне право і цивільний процес; сімейне право; міжнародне приватне прав
100 _aІванова С. М.
245 _aВизнання недійсним правочину як спосіб захисту цивільних прав та інтересів за законодавством України
_cІванова Світлана Миколаївна ; наук. керівник Гриняк Андрій Богданович
260 _aКиїв
_c2014
300 _a20 с.
502 _6Автореферат дисертації на здобуття наукового ступеня кандидата юридичних наук
_cНауково-дослідний інститут приватного права і підприємництва імені академіка Ф. Г. Бурчака
_d2014
520 _aУ дослідженні здійснено загальнотеоретичну характеристику усіх способів захисту цивільних прав та інтересів за законодавством України, що дозволило визначити правову характеристику в їх системній єдності такого способу захисту як визнання правочину недійсним та застосування наслідків його недійсності. На основі доктринального осмислення інституту визнання правочину недійсним та застосування наслідків його недійсності визначено особливості їх застосування щодо захисту законних інтересів. Доведено, що в дослідженнях правової природи недійсних правочинів акценти повинні бути перенесені із поняття недійсності правочину на правову природу визнання правочину недійсним як способу захисту цивільних прав та інтересів в системному зв’язку із застосуванням наслідків недійсності правочину. З’ясовано специфіку правових підстав нікчемності та оспорюваності правочину на основі чого запропоновано здійснювати їх розмежування за критерієм інтересу.
650 _2UDC
_a347 Цивільне право
942 _2udc
_cAR
955 _a1
999 _c458839
_d458839